000 00481nam a22001457a 4500
020 _a9788132110385
082 _a001.42
100 _aDavid Silverman (ed)
245 _aQualitative research issues of theory, method and practice
250 _a3rd
260 _aIndia
_bSage publications
_c2011
300 _a450p
942 _cBK
999 _c349352
_d349352